Política y estrategia de intervención educativa con tecnologías de información y comunicación. Hacia un modelo de proyecto de centro con integración de TIC (Record no. 8924)

MARC details
000 -LEADER
campo de control de longitud fija 00519nam a2200145Ia 4500
001 - NÚMERO DE CONTROL
campo de control 3013
008 - DATOS DE LONGITUD FIJA--INFORMACIÓN GENERAL
campo de control de longitud fija 241024s9999 xx 000 0 und d
082 ## - NÚMERO DE LA CLASIFICACIÓN DECIMAL DEWEY
Número de clasificación RD/371.028/R426p/2013
100 ## - ENTRADA PRINCIPAL--NOMBRE DE PERSONA
Nombre de persona República Dominicana. Ministerio de Educación
245 #0 - MENCIÓN DEL TÍTULO
Título Política y estrategia de intervención educativa con tecnologías de información y comunicación. Hacia un modelo de proyecto de centro con integración de TIC
260 ## - PUBLICACIÓN, DISTRIBUCIÓN, ETC.
Nombre del editor, distribuidor, etc. Santo Domingo
Fecha de publicación, distribución, etc. 2013
590 ## - NOTA LOCAL (RLIN)
Nota local si
901 ## - ELEMENTOS DE DATOS A LOCAL LDA (RLIN)
a 17/7/2013 12:04:55 p.m.

No items available.

© 2024. Todos los Derechos Reservados. Desarrollado por IDEICE